Mi primer diccionario / (Registro nro. 15478)

Detalles MARC
000 -LIDER
fixed length control field 01094nam a2200325 a 4500
001 - NÚMERO DE CONTROL
Identificador de número de control 0000403
003 - IDENTIFICACDOR DE NÚMERO DE CONTROL
control field DO-SdBPM
005 - DATE AND TIME OF LATEST TRANSACTION
control field 20251029130530.0
007 - CAMPOS FIJOS DE DESCRIPCIÓN FÍSICA
fixed length control field ta
008 - ELEMENTOS DE LONGITUD FIJA
fixed length control field 091125s1990 sp a 000 0 spa d
020 ## - ISBN
International Standard Book Number 8424154843
040 ## - FUENTE DE CATALOGACIÓN
Agencia que crea de manera original el registro DO-SdBPM
Idioma de catalogación spa
Agencia que realiza la transcripción BPMSU
Convenciones de la despripción rda
082 #4 - NÚMERO DE CLASIFICACIÓN DECIMAL DE DEWEY
Classification number R372.2103
Item number J45m 1990
Edition number 22
100 1# - ASIENTO PRINCIPAL -- NOMBRE PERSONAL
Nombre personal Jefferds, Vincent
Mención de responsabilidad autor
245 10 - MENCIÓN DE TITULO
Título Mi primer diccionario /
Mención de responsabilidad adaptación española Eladio Martínez B. de Quirós... [y otros]
250 ## - MENCIÓN DE EDICION
Mención de edición 2a. ed.
264 ## - PRODUCTION, PUBLICATION, DISTRIBUTION, MANUFACTURE, AND COPYRIGHT NOTICE
Place of production, publication, distribution, manufacture León, España :
Name of producer, publisher, distributor, manufacturer Disney enterprises,
Date of production, publication, distribution, manufacture, or copyright notice 1990
300 ## - DESCRIPCIÓN FÍSICA
Extensión 78 páginas :
Otros detalles físicos ilustraciones ;
Dimensiones 27 cm.
336 ## - CONTENT TYPE
Content type term texto
Content type code txt
Source rdacontent
337 ## - MEDIA TYPE
Media type term sin mediación
Media type code n
Source rdamedia
338 ## - CARRIER TYPE
Carrier type term volumen
Carrier type code nc
Source rdacarrier
534 ## - NOTA SOBRE LA VERSIÓN ORIGINAL
Frase introductoria Título original :
Mención del título original Very First Dictionary
590 ## - NOTA LOCAL
Texto de la nota local Inventariado, 2025/VM
650 ## - ENCABEZAMIENTO DE MATERIA--TEMÁTICO
Término temático o nombre geográfico como elemento de entrada Educación preescolar
Subdivisión temática general Diccionarios infantiles.
650 #7 - ENCABEZAMIENTO DE MATERIA--TEMÁTICO
Término temático o nombre geográfico como elemento de entrada Enciclopedias y diccionarios
Subdivisión temática general Literatura juvenil
Fuente del encabezamiento o término
700 1# - ASIENTO SECUNDARIO -- NOMBRE PERSONAL
Nombre personal Martínez B Quirós, Eladio
710 2# - ASIENTO SECUNDARIO -- NOMBRE CORPORATIVO
Nombre corporativo o de jurisdicción Disney
910 ## - VALIDACIÓN
Validación VMateo V. Control de calidad. BPMSU
942 ## - ADDED ENTRY ELEMENTS (KOHA)
Source of classification or shelving scheme Dewey Decimal Classification
Koha item type Libros
Existencias
Withdrawn status Lost status Source of classification or shelving scheme Damaged status Not for loan Collection code Home library Current library Date acquired Total Checkouts Full call number Barcode Date last seen Price effective from Koha item type
    Dewey Decimal Classification     Colección Infantil General Biblioteca Pública Metropolitana Salomé Ureña Biblioteca Pública Metropolitana Salomé Ureña 10/29/2025   BPMSU CGRI R372.2103 J45m 1990 BPMSU25100120 10/29/2025 10/29/2025 Libros